Loading...

ഗാന്ധിജിയെക്കുറിച്ച് ഗോഡ്‌സെ

Bibliographic Details
Main Author: ശശിധരൻ കാട്ടായിക്കോണം
Format: Printed Book
Published: Thiruvananthapuram Kerala Bhasha Institute 2019
Edition:2
Subjects:
LEADER 00886nam a22002417a 4500
003 OSt
999 |c 194648  |d 194648 
020 |a 9788120046252 
082 |a 923.6  |b SAS/GA 
100 |a ശശിധരൻ കാട്ടായിക്കോണം  
245 |a ഗാന്ധിജിയെക്കുറിച്ച് ഗോഡ്‌സെ  
250 |a 2 
260 |a Thiruvananthapuram  |b Kerala Bhasha Institute  |c 2019 
300 |a 190p. 
500 |a Sasidharan kattaikonam 
500 |a Sasidharan Kattayikonam 
500 |a Gandhijiyekurich Godse 
500 |a Gandhijiyekurichu godse 
546 |a Malayalam 
650 |a Biography 
650 |a gandhiji- malayalam  
942 |2 ddc  |c BK 
952 |0 0  |1 0  |2 ddc  |4 0  |6 923_600000000000000_SAS_GA  |7 0  |8 Gen  |9 201579  |a KAUCLV  |b KAUCLV  |c GENERAL  |d 2020-06-23  |g 100.00  |l 1  |o 923.6 SAS/GA  |p 230044  |q 2020-12-08  |r 2020-11-03  |s 2020-11-03  |w 2020-06-23  |y BK